Jesus; a new biography / (Record no. 31230)
[ view plain ]
| 000 -LEADER | |
|---|---|
| fixed length control field | 00706nam a2200241 4500 |
| 001 - CONTROL NUMBER | |
| control field | 31230 |
| 003 - CONTROL NUMBER IDENTIFIER | |
| rucl marc code | BD-RjUL |
| 005 - DATE AND TIME OF LATEST TRANSACTION | |
| control field | 20211209051656.0 |
| 008 - FIXED-LENGTH DATA ELEMENTS--GENERAL INFORMATION | |
| fixed length control field | 140413t19681927nyu b 001 0beng |
| 035 ## - SYSTEM CONTROL NUMBER | |
| System control number | (BD-RjUL)31317 |
| 040 ## - CATALOGING SOURCE | |
| Original cataloging agency | DLC |
| Transcribing agency | DLC |
| Modifying agency | DLC |
| -- | BD-RjUL |
| Language of cataloging | eng |
| 041 ## - LANGUAGE CODE | |
| Language code of text/sound track or separate title | eng |
| 082 00 - DEWEY DECIMAL CLASSIFICATION NUMBER | |
| Classification number | 232.9 |
| Author mark and year | CAJ 1968 |
| 100 1# - MAIN ENTRY--PERSONAL NAME | |
| Personal name | Case, Shirley Jackson, |
| Dates associated with a name | 1872-1947. |
| 9 (RLIN) | 95020 |
| 245 10 - TITLE STATEMENT | |
| Title | Jesus; a new biography / |
| Statement of responsibility, etc. | Shirley Jackson Case. |
| 260 ## - PUBLICATION, DISTRIBUTION, ETC. (IMPRINT) | |
| Place of publication, distribution, etc. | New York, |
| Name of publisher, distributor, etc. | Greenwood Press |
| Date of publication, distribution, etc. | c1927 [Printing 1968]. |
| 300 ## - PHYSICAL DESCRIPTION | |
| Pagination | ix, 452 p. ; |
| Size | 23 cm. |
| 504 ## - BIBLIOGRAPHY, ETC. NOTE | |
| Bibliography, etc | Bibliographical footnotes. |
| 600 00 - SUBJECT ADDED ENTRY--PERSONAL NAME | |
| Personal name | Jesus Christ |
| General subdivision | Biography. |
| 942 ## - ADDED ENTRY ELEMENTS (KOHA) | |
| Source of classification or shelving scheme | Dewey Decimal Classification |
| Koha item type | Books |
| Lost status | Source of classification or shelving scheme | Damaged status | Not for loan | Permanent Location | Current Location | Shelving location | Date acquired | Source of acquisition | Cost, normal purchase price | Total Checkouts | Full call number | Date last seen | Copy number | Koha item type |
|---|---|---|---|---|---|---|---|---|---|---|---|---|---|---|
| Dewey Decimal Classification | Not For Loan | Central Library, University of Rajshahi | Central Library, University of Rajshahi | Reading Room | 10/09/1971 | Zeitlinger | 137.00 | 232.9 CAJ 1968 | 13/04/2014 | C-1 | Books |